000 00454nam a2200181Ia 4500
001 7938
005 20260306160532.0
008 260306t2022||||xx |||||||||||||| ||spa||
041 _aESP
082 _a364
_bV32
100 _aVargas Meléndez, Rikell
_eAUT
245 0 _aCriminalística:
_bun método de investigación del delito
260 _c2022
300 _a876 páginas :
_c25 cm.
650 _aGEN
654 _aCPS
942 _cLIB
_dJUS
_fJUS
_2ddc
_n
999 _c7938
_d7938